000 00431nam a2200157 a 4500
005 20210219152715.0
008 991125n dis 000 0 spa u
035 _aUPN01000059331
049 _aAcervo histórico
245 0 _aALBORADA INDIGENA
260 _aDistrito Federal, México :
_bConfederación Nacional de Jóvenes Indígenas
362 0 _a1935 1 (2)
362 0 _a1949 (5)
904 _aAC
_b000063
905 _aRevista
999 _c59328
_d59328